Screen wars : a review of the UK cinema industry (Record no. 100549)

MARC details
000 -LEADER
fixed length control field 00567cam a2200205 4500
001 - CONTROL NUMBER
control field J106271
008 - FIXED-LENGTH DATA ELEMENTS--GENERAL INFORMATION
fixed length control field 000000n2000 000 0 eng u
035 ## - SYSTEM CONTROL NUMBER
System control number (Sirsi) u106271
050 ## - LIBRARY OF CONGRESS CALL NUMBER
Classification number 711.558
110 ## - MAIN ENTRY--CORPORATE NAME
Corporate name or jurisdiction name as entry element King Sturge
9 (RLIN) 3877
245 ## - TITLE STATEMENT
Title Screen wars : a review of the UK cinema industry
260 ## - PUBLICATION, DISTRIBUTION, ETC.
Place of publication, distribution, etc. London
Name of publisher, distributor, etc. King Sturge
Date of publication, distribution, etc. 2000
300 ## - PHYSICAL DESCRIPTION
Extent 35p. ; 30cm.
650 ## - SUBJECT ADDED ENTRY--TOPICAL TERM
Topical term or geographic name entry element CINEMAS
650 ## - SUBJECT ADDED ENTRY--TOPICAL TERM
Topical term or geographic name entry element FILM INDUSTRY
650 ## - SUBJECT ADDED ENTRY--TOPICAL TERM
Topical term or geographic name entry element RECREATION CENTRES
650 ## - SUBJECT ADDED ENTRY--TOPICAL TERM
Topical term or geographic name entry element PROPERTY MARKET
690 ## - LOCAL SUBJECT ADDED ENTRY--TOPICAL TERM (OCLC, RLIN)
Topical term or geographic name as entry element PROPERTY-COMMERCIAL PROPERTY-COMMERCIAL PROPERTY MARKET
942 ## - ADDED ENTRY ELEMENTS (KOHA)
Suppress in OPAC 0
Holdings
Withdrawn status Lost status Source of classification or shelving scheme Damaged status Not for loan Home library Current library Shelving location Date acquired Total Checkouts Full call number Barcode Date last seen Date last checked out Copy number Price effective from Koha item type
    Dewey Decimal Classification     London London Property market reports 06/06/2000 1 PROPERTY MARKET REPORTS 30061597 06/08/2019 23/04/2001 1 06/08/2019 Book